[Event "In Memorium"]
[Site "SchemingMind.com"]
[Date "2007.06.17"]
[Round "-"]
[White "marble"]
[Black "Games Freak"]
[Result "1-0"]
[WhiteCountry "ENG"]
[BlackCountry "AUS"]
[WhiteElo "1706"]
[WhiteRD "55"]
[BlackElo "1340"]
[BlackRD "75"]
[GameID "109539"]

1. e4 d5 2. exd5 Qxd5 3. Nc3 Qd8 4. d4 Nc6 5. Nf3 f6 6. Bb5 Bd7 7. O-O e5 8. Re1 a6 9. Ba4 Bb4 10. dxe5 fxe5
11. Nxe5 Nxe5 12. Rxe5+ Be7 13. Nd5 b5 14. Nxe7 Nxe7 15. Bb3 Qb8 16. Bg5 Qd8 17. Rxe7+ Kf8 18. Qf3+ Bf5 19. Qxf5#
1-0

[Event "In Memorium"]
[Site "SchemingMind.com"]
[Date "2007.06.18"]
[Round "-"]
[White "marble"]
[Black "echecs"]
[Result "0-1"]
[WhiteCountry "ENG"]
[BlackCountry "ENG"]
[WhiteElo "1706"]
[WhiteRD "55"]
[BlackElo "1805"]
[BlackRD "60"]
[GameID "109540"]

1. e4 Nf6 2. e5 Nd5 3. d4 d6 4. Nf3 g6 5. Bc4 Nb6 6. Bb3 Bg7 7. a4 a5 8. O-O dxe5 9. Nxe5 e6 10. Nc3 O-O
11. Ne2 N8d7 12. Nxd7 Bxd7 13. c3 Bc6 14. Be3 Nd5 15. Bd2 b6 16. Qc1 Qh4 17. Bg5 Qg4 18. f3 Qh5 19. Ng3 Qxg5 20. Qxg5 Bb7
21. Bxd5 Bxd5 22. Rfe1 Rac8 23. Rac1 c5 24. c4 Bb7 25. dxc5 Rxc5 26. Qd2 Rfc8 27. b3 Bf6 28. Ne4 Bxe4 29. Rxe4 Rd8 30. Qf4 Bg5
31. Qg4 Bxc1 32. Re1 Bd2 33. Re2 Bc3 34. g3 Rd4 35. Re4 f5 36. Qh3 fxe4 37. Qxe6+ Kf8 38. Qf6+ Ke8 39. Qh8+ Kd7 40. Qxh7+ Kc6
41. Qxg6+ Kb7 42. fxe4 Rd2 43. Qg4 Bd4+ 44. Kh1 Ka6 45. Qg8 Kb7 46. Qf7+ Rc7 47. Qd5+ Ka7 48. Qf5 Bc5 49. Qf4 Rcd7 50. Qe5 Rf7
51. Qa1 Rff2 52. Qg1 Rfe2
0-1

[Event "In Memorium"]
[Site "SchemingMind.com"]
[Date "2007.06.16"]
[Round "-"]
[White "marble"]
[Black "St.Alfonzo"]
[Result "1-0"]
[WhiteCountry "ENG"]
[BlackCountry "CAN"]
[WhiteElo "1674"]
[WhiteRD "59"]
[BlackElo "1144"]
[BlackRD "80"]
[GameID "109541"]

1. e4 d5 2. exd5 Qxd5 3. Nc3 Qe5+ 4. Be2 Nf6 5. Nf3 Qa5 6. d4 e6 7. a3 Bd6 8. h3 O-O 9. O-O c5 10. dxc5 Bxc5
11. Bd2 b5 12. b4 Bxb4 13. axb4 Qxb4 14. Nxb5 Qc5 15. Rb1 Nbd7 16. Bb4 Qf5 17. Bxf8 Kxf8 18. Qd4 Qxc2 19. Bd3 Qc6 20. Qb4+ Qc5
21. Qb3 Bb7 22. Rfc1 Qb6 23. Qc2 Rc8 24. Qd2 Rb8 25. Nc3
1-0

[Event "In Memorium"]
[Site "SchemingMind.com"]
[Date "2007.06.16"]
[Round "-"]
[White "marble"]
[Black "bull mccabe"]
[Result "1-0"]
[WhiteCountry "ENG"]
[BlackCountry "IRL"]
[WhiteElo "1706"]
[WhiteRD "55"]
[BlackElo "1399"]
[BlackRD "64"]
[GameID "109542"]

1. e4 c5 2. Nf3 Nc6 3. Bb5 d6 4. Nc3 Bd7 5. O-O Nf6 6. d3 e6 7. Re1 Be7 8. h3 O-O 9. a3 a6 10. Bc4 b5
11. Ba2 h6 12. Ne2 Qc8 13. c3 e5 14. b4 cxb4 15. axb4 Bxh3 16. gxh3 Qxh3 17. Nh2 Ng4 18. Nxg4 Qxg4+ 19. Ng3 Qh3 20. Qh5 Qxh5
21. Nxh5 Rac8 22. Re3 g6 23. Ng3 Nd8 24. Rf3 Kg7 25. Ne2 Ne6 26. Rh3 h5 27. Bb2 Ng5 28. Rg3 f5 29. exf5 Rxf5 30. Bc1 Nf3+
31. Kh1 Bh4 32. Be6 Rcf8 33. Bxf5 Bxg3 34. Be4 Ng5 35. Nxg3 Nxe4 36. Nxe4
1-0

[Event "In Memorium"]
[Site "SchemingMind.com"]
[Date "2007.06.18"]
[Round "-"]
[White "marble"]
[Black "smothered mate"]
[Result "0-1"]
[WhiteCountry "ENG"]
[BlackCountry "POL"]
[WhiteElo "1674"]
[WhiteRD "59"]
[BlackElo "1901"]
[BlackRD "79"]
[GameID "109543"]

1. e4 c5 2. Nf3 Nc6 3. d4 cxd4 4. Nxd4 e5 5. Nf3 Bc5 6. Nc3 Nf6 7. h3 O-O 8. Bc4 b5 9. Bxb5 Qb6 10. O-O Nxe4
11. Nxe4 Qxb5 12. Nc3 Qb8 13. a3 Nd4 14. Nxd4 Bxd4 15. Ne2 Bb6 16. b4 d6 17. a4 Be6 18. Ba3 d5 19. a5 Bc7 20. Qb1 d4
21. b5 Bc4 22. Bxf8 Bxe2 23. Re1 Bxb5 24. Be7 Qe8 25. Bh4 Rb8 26. Qd1 Bc6 27. Bg3 f6 28. Qd3 Qf7 29. Reb1 Rxb1+ 30. Rxb1 Qd5
31. f3 Qxa5 32. Qf5 Bd5 33. Be1 Qc5 34. Bb4 Qc6 35. Ra1 Be6 36. Qd3 Bb6 37. Ra6 Bc4 38. Qa3 Bxa6 39. Qxa6 d3+ 40. Kh2 dxc2
41. Qa2+ Kh8 42. Qf7 h6 43. Bf8 Qc7 44. Qe8 Kh7
0-1

[Event "In Memorium"]
[Site "SchemingMind.com"]
[Date "2007.06.17"]
[Round "-"]
[White "marble"]
[Black "o.malito"]
[Result "0-1"]
[WhiteCountry "ENG"]
[BlackCountry "ITA"]
[WhiteElo "1706"]
[WhiteRD "55"]
[BlackElo "1676"]
[BlackRD "109"]
[GameID "109544"]

1. e4 e5 2. Nf3 Nc6 3. Bb5 f5 4. Nc3 fxe4 5. Nxe4 Nf6 6. Nxf6+ Qxf6 7. Qe2 Be7 8. Bxc6 dxc6 9. Nxe5 Bf5 10. d3 O-O-O
11. O-O Rde8 12. Bf4 Bd6 13. d4 Bxc2 14. Bg3 Ba4 15. b3 Bb5 16. Qg4+ Qe6 17. Qxe6+ Rxe6 18. Rfe1 Bb4 19. Re4 Rhe8 20. a3 Bc3
21. Rc1 Bb2 22. Rd1 Bxa3 23. Ra1 Bb2 24. Rxa7 Kb8 25. Ra2 Bc3 26. h3 c5 27. Rg4 cxd4 28. Nf3 d3 29. Rxg7 R6e7 30. Rg5 Bc6
31. Bh4 Bxf3 32. gxf3 Re1+ 33. Kg2 d2 34. Rd5 d1=Q 35. Rxd1 Rxd1 36. Rc2 Be5 37. Re2 Rg8+ 38. Bg3 Bd6 39. Re4 Bxg3 40. fxg3 Rd2+
41. Kf1 Rxg3 42. Re8+ Ka7 43. Re3 Rxh3
0-1

[Event "In Memorium"]
[Site "SchemingMind.com"]
[Date "2007.06.17"]
[Round "-"]
[White "marble"]
[Black "Pervachess"]
[Result "1-0"]
[WhiteCountry "ENG"]
[BlackCountry "ROU"]
[WhiteElo "1706"]
[WhiteRD "55"]
[BlackElo "1219"]
[BlackRD "103"]
[GameID "109545"]

1. e4 e5 2. Nf3 Nc6 3. Bb5 a6 4. Ba4 Nf6 5. O-O Nxe4 6. d3 Nc5 7. Bxc6 dxc6 8. Nxe5 Bd6 9. d4 Bxe5 10. Re1 Ne6
11. Rxe5 O-O 12. d5 Qf6 13. Qe1 cxd5 14. Rxd5 c6 15. Rd3 Re8 16. h3 Nc7 17. Qa5 Nd5 18. c4 b6 19. Qa3 Re1+ 20. Kh2 Qe5+
21. f4 Qf6 22. Bd2 Bf5 23. Bxe1 Bxd3 24. cxd5 Qxf4+ 25. Bg3 Qf1 26. Qb4 cxd5 27. Qf4 Qe2 28. Nc3 Qxb2 29. Qc1 Qxc1 30. Rxc1 Rc8
31. Re1 Bc4 32. Na4 b5 33. Nb6 Rd8 34. Bc7 Rf8 35. Nd7 Ra8 36. Nb6 Rf8 37. Bd6 Rd8 38. Bc7 Rf8 39. Nd7 Rc8 40. Nb6 Rf8
41. Bd6 Rd8 42. Bc7
1-0

[Event "In Memorium"]
[Site "SchemingMind.com"]
[Date "2007.06.18"]
[Round "-"]
[White "loco61"]
[Black "marble"]
[Result "0-1"]
[WhiteCountry "ENG"]
[BlackCountry "ENG"]
[WhiteElo "1513"]
[WhiteRD "62"]
[BlackElo "1706"]
[BlackRD "55"]
[GameID "109546"]

1. e4 e5 2. Nf3 Nc6 3. Bc4 Nf6 4. Nc3 Nxe4 5. Nxe4 d5 6. Bd3 dxe4 7. Bxe4 Bd6 8. Bxc6+ bxc6 9. Qe2 O-O 10. O-O a5
11. Nxe5 Re8 12. d4 c5 13. c3 cxd4 14. cxd4 Bxe5 15. dxe5 Bb7 16. Bf4 Qd5 17. f3 Qd4+ 18. Be3 Qxe5 19. Rae1 Ba6 20. Qd2 Bxf1
21. Bf2 Qb5 22. a4 Qc4 23. Rxf1 h6 24. Rc1 Qxa4 25. Rxc7 Rac8 26. Rc1 Rcd8 27. Qc3 Rd1+ 28. Rxd1 Qxd1+
0-1

[Event "In Memorium"]
[Site "SchemingMind.com"]
[Date "2007.06.16"]
[Round "-"]
[White "Ashmaster"]
[Black "marble"]
[Result "1-0"]
[WhiteCountry "IRL"]
[BlackCountry "ENG"]
[WhiteElo "1666"]
[WhiteRD "77"]
[BlackElo "1679"]
[BlackRD "56"]
[GameID "109547"]

1. e4 e5 2. Nf3 Nc6 3. Bb5 Nf6 4. O-O Nxe4 5. d4 Nd6 6. Bxc6 dxc6 7. dxe5 Nf5 8. Qxd8+ Kxd8 9. Nc3 Bb4 10. Bd2 Be6
11. a3 Be7 12. Bg5 f6 13. exf6 gxf6 14. Bf4 b6 15. Kh1 Kc8 16. Rfe1 Bf7 17. Bxc7 Kxc7 18. Nd4 Bg6 19. Nxf5 Bc5 20. Ne3 Bxe3
21. Rxe3 Bxc2 22. Nb5+ Kd7 23. Nd4 Bg6 24. Rd1 c5 25. Nf5+ Kc6 26. Re6+ Kb5 27. Nd6+ Ka6 28. Rxf6 Rad8 29. h3 Bc2 30. Rc1 Ba4
31. Ne4 Rd4 32. Nxc5+ Ka5 33. Nxa4 Rxa4 34. g3 Rd4 35. Rfc6 Rd2 36. R6c2 Rd7 37. f4 Rg8 38. g4 Rd3 39. Kg2 Re8 40. f5 Ree3
41. Rf2 Rxh3 42. Rg1 Rhg3+ 43. Kh1 Rxg1+ 44. Kxg1 Rg3+ 45. Kh2 Rxg4 46. f6 Rg8 47. f7 Rf8 48. Kg3 Ka6 49. Kg4 h6 50. Kh5 Kb7
51. Kxh6
1-0

[Event "In Memorium"]
[Site "SchemingMind.com"]
[Date "2007.06.17"]
[Round "-"]
[White "Games Freak"]
[Black "marble"]
[Result "0-1"]
[WhiteCountry "AUS"]
[BlackCountry "ENG"]
[WhiteElo "1340"]
[WhiteRD "75"]
[BlackElo "1706"]
[BlackRD "55"]
[GameID "109548"]

1. e3 e5 2. Bc4 Nf6 3. Nf3 Nc6 4. O-O h6 5. d4 exd4 6. exd4 d5 7. Bb3 Bd6 8. c4 dxc4 9. Bxc4 O-O 10. d5 Na5
11. b3 Bg4 12. Nc3 Be5 13. Bd2 c6 14. dxc6 Nxc6 15. a4 Bxf3 16. Qxf3 Qxd2 17. Rad1 Qxc3 18. Qxc3 Bxc3 19. Rd3 Be5 20. Bb5 Rac8
21. b4 Nxb4 22. Rdd1 a6 23. Bc4 Rxc4 24. a5 Re8 25. f4 Bd4+ 26. Kh1 Nbd5 27. Rfe1 Rxe1+ 28. Rxe1 Nxf4 29. Rb1 N4d5 30. Rxb7 Rc1#
0-1

[Event "In Memorium"]
[Site "SchemingMind.com"]
[Date "2007.06.18"]
[Round "-"]
[White "echecs"]
[Black "marble"]
[Result "1-0"]
[WhiteCountry "ENG"]
[BlackCountry "ENG"]
[WhiteElo "1800"]
[WhiteRD "63"]
[BlackElo "1674"]
[BlackRD "59"]
[GameID "109549"]

1. c4 g6 2. Nf3 Nf6 3. Nc3 Bg7 4. g3 O-O 5. Bg2 d6 6. d3 e5 7. Bg5 c6 8. O-O h6 9. Bd2 Nbd7 10. Qc1 Kh7
11. Nh4 d5 12. cxd5 cxd5 13. Nxd5 Nxd5 14. Bxd5 Nf6 15. Bb3 b6 16. Bb4 Rh8 17. Bxf7 Bf5 18. e4 Bh3 19. Bxg6+ Kg8 20. Qc4+ Nd5
21. exd5
1-0

[Event "In Memorium"]
[Site "SchemingMind.com"]
[Date "2007.06.16"]
[Round "-"]
[White "St.Alfonzo"]
[Black "marble"]
[Result "0-1"]
[WhiteCountry "CAN"]
[BlackCountry "ENG"]
[WhiteElo "1144"]
[WhiteRD "80"]
[BlackElo "1674"]
[BlackRD "59"]
[GameID "109550"]

1. d4 Nf6 2. d5 g6 3. Nc3 d6 4. e4 Bg7 5. Bf4 O-O 6. Qd3 c6 7. Na4 b5 8. Nc3 Ba6 9. Qd2 b4 10. Bxa6 bxc3
11. Qxc3 Nxa6 12. Qxc6 Qa5+ 13. Bd2 Nb4 14. Bxb4 Qxb4+ 15. c3 Qxe4+ 16. Ne2 Rfc8 17. Qb7 Qe5 18. O-O Qxe2 19. Rfe1 Qh5 20. Qxe7 Nxd5
21. Qxd6 Nf6 22. Qg3 Rc4 23. Re5 Qh6 24. Qd3 Ng4
0-1

[Event "In Memorium"]
[Site "SchemingMind.com"]
[Date "2007.06.16"]
[Round "-"]
[White "bull mccabe"]
[Black "marble"]
[Result "0-1"]
[WhiteCountry "IRL"]
[BlackCountry "ENG"]
[WhiteElo "1544"]
[WhiteRD "76"]
[BlackElo "1674"]
[BlackRD "59"]
[GameID "109551"]

1. e4 e5 2. Nf3 Nc6 3. Bb5 Nf6 4. O-O Nxe4 5. d4 Nd6 6. Bxc6 dxc6 7. dxe5 Nf5 8. Qxd8+ Kxd8 9. Nc3 Ke8 10. h3 Be6
11. b3 Kd8 12. Rd1+ Kc8 13. Bb2 b6 14. Rd3 Kb7 15. Rad1 Be7 16. Ne4 Bd5 17. Nfd2 f6 18. exf6 gxf6 19. Nxf6 Bxf6 20. Bxf6 Rhg8
21. Nf3 Be4 22. Rc3 Rg6 23. Be5 b5 24. a3 Ne7 25. Rd7 Nd5
0-1

[Event "In Memorium"]
[Site "SchemingMind.com"]
[Date "2007.06.18"]
[Round "-"]
[White "smothered mate"]
[Black "marble"]
[Result "1-0"]
[WhiteCountry "POL"]
[BlackCountry "ENG"]
[WhiteElo "1901"]
[WhiteRD "79"]
[BlackElo "1674"]
[BlackRD "59"]
[GameID "109552"]

1. e4 e5 2. Nf3 Nc6 3. Bc4 Nf6 4. Ng5 d5 5. exd5 Na5 6. d3 h6 7. Nf3 e4 8. dxe4 Nxc4 9. Qd4 Nb6 10. c4 Bb4+
11. Bd2 Bd6 12. e5 c5 13. Qd3 Qe7 14. O-O O-O 15. exd6 Qxd6 16. Nc3 a6 17. Ne2 Re8 18. Bf4 Qe7 19. Rfe1 Qd8 20. Nc3 Rxe1+
21. Rxe1 Bg4 22. Ne5 Bh5 23. b3 Ng4 24. Qh3 Nxe5 25. Bxe5 Bg6 26. f4 Qc8 27. Qxc8+ Rxc8 28. Ne4 Nd7 29. Nd6 Rb8 30. f5 Bh7
31. g4 Nxe5 32. Rxe5 f6 33. Re7 b5 34. Ra7 Kf8 35. Rxa6 bxc4 36. Nxc4 Rb7 37. Ra8+ Ke7 38. Rh8 Kf7 39. Nd6+
1-0

[Event "In Memorium"]
[Site "SchemingMind.com"]
[Date "2007.06.18"]
[Round "-"]
[White "o.malito"]
[Black "marble"]
[Result "0-1"]
[WhiteCountry "ITA"]
[BlackCountry "ENG"]
[WhiteElo "1551"]
[WhiteRD "168"]
[BlackElo "1674"]
[BlackRD "59"]
[GameID "109553"]

1. e4 e5 2. Nf3 Nc6 3. Bb5 a6 4. Ba4 Nf6 5. O-O Bc5 6. Nxe5 Nxe5 7. d4 Nxe4 8. Re1 Be7 9. Rxe4 Ng6 10. c4 O-O
11. Bc2 b5 12. c5 Bb7 13. d5 Bxc5 14. Qh5 Qf6 15. Rf4 Rfe8 16. Kf1 Re5 17. Rf5 Rae8 18. Bd2 Bxd5 19. Bg5 Re1#
0-1

[Event "In Memorium"]
[Site "SchemingMind.com"]
[Date "2007.06.17"]
[Round "-"]
[White "Pervachess"]
[Black "marble"]
[Result "0-1"]
[WhiteCountry "ROU"]
[BlackCountry "ENG"]
[WhiteElo "1219"]
[WhiteRD "103"]
[BlackElo "1706"]
[BlackRD "55"]
[GameID "109554"]

1. e4 c5 2. Bc4 e5 3. Nf3 Nc6 4. Nc3 Nf6 5. d3 d6 6. Ng5 Be6 7. Bxe6 fxe6 8. Nxe6 Qd7 9. Ng5 h6 10. Nf3 O-O-O
11. O-O a6 12. Na4 Qc7 13. a3 d5 14. exd5 Nxd5 15. c4 Nb6 16. Nxb6+ Qxb6 17. Be3 e4 18. Ne1 Qxb2 19. g3 Kb8 20. Qc1 Qe5
21. Bf4 Bd6 22. Bxe5 Bxe5 23. Rb1 Nd4 24. Qd2 exd3 25. Kg2 Nc6 26. Nxd3 Rd4 27. Qb2 b5 28. Nxe5 Nxe5 29. cxb5 a5 30. Qc3 Nc4
31. Rfd1 Rhd8 32. Rxd4 Rxd4
0-1